| 000 | 00735nam a2200157 a 4500 | ||
|---|---|---|---|
| 008 | 121114s2012 ||||||||||||||||| || u | ||
| 020 | _a9789211615579 | ||
| 050 | _aUNESA(058) | ||
| 110 | _aUnited Nations Economic and Social Affairs (UNESA) | ||
| 245 | 1 | 0 |
_aInternational trade statistics yearbook: trade by commodity, vol. II _cby United Nations Economic and Social Affairs [UNESA] |
| 260 |
_aNew York: _bUnited Nations Economic and Social Affairs (UN-ESA) _c2012 |
||
| 300 | _axxiv, 424p.: ill. | ||
| 650 | _aINTERNATIONAL TRADE--FINANCE | ||
| 650 | _aINTERNATIONAL TRADE--STATISTICS | ||
| 995 |
_FCBU-MAIN LIBRARY (Kitwe) _M1 _UAVAILABLE _WDec 31, 2012 _ZAnnex Low-Usage Collection |
||
| 999 |
_c47503 _d47503 |
||